00521nam a2200181Ia 4500008004100000020001800041082000800059100002600067245003300093250000600126260003600132300001000168500002400178650002300202942000700225952009000232999001700322230524s9999 xx 000 0 und d a9788184992281 bBAR aBrenda Barnaby941726 0aBeyond the Law of Attraction a1 aMumbaibShree Book Centrec2010 a199p; aQuantity Number: 1 aMisalliance941727 cBK 00104070aTATCLbTATCLcGENd2023-05-24l0o BARp53418r2023-05-24w2023-05-24yBK c56186d56186